| 000 | 00430nam a22001697a 4500 | ||
|---|---|---|---|
| 003 | SGT | ||
| 020 | _a9789386322012 | ||
| 082 |
_a616.995 _bC17B |
||
| 100 | _aBEHERA, DIGAMBAR | ||
| 245 | _aCLINIC CONSULT PULMONOLOGY TUBERCULOSIS | ||
| 250 | _a1ST | ||
| 260 |
_aINDIA _bJAYPEE PUB _c2017 |
||
| 300 | _a194 | ||
| 650 | _aPULMONARY MEDICINE | ||
| 653 | _aCLINIC CONSULT PULMONARY, TUBERCULOSIS, PULMONOLOGY | ||
| 942 |
_2ddc _cBK |
||
| 999 |
_c25464 _d25464 |
||